000 00437nam a22001697a 4500
999 _c2957
_d2956
005 20210925103633.0
008 160616b xxu||||| |||| 00| 0 eng d
020 _a81-259-0942-7
041 _aeng
082 _b7988
_a332.6
100 _aRaman V.N.S.
_9358
245 _aInvestment principles and techniques
260 _aNew Delhi
_bVikas Publishing House (P) Ltd.
_c2004
300 _a457
650 _aManagement
_9241
942 _cBK